Largest Cities on Each Continent Beginning with 'K' - Statistics

General Stats
  • This quiz has been taken 579 times
    42 since last reset
  • The average score is 18 of 26
Answer Stats
Continent Population Nat. Answer % Correct
Europe 806,201 ๐Ÿ‡ต๐Ÿ‡ฑ Krakรณw
100%
Europe 3,475,000 ๐Ÿ‡บ๐Ÿ‡ฆ Kiev
97%
Asia 21,000,000 ๐Ÿ‡ต๐Ÿ‡ฐ Karachi
94%
North America 611,154 ๐Ÿ‡ฏ๐Ÿ‡ฒ Kingston
94%
Asia 5,250,000 ๐Ÿ‡ฆ๐Ÿ‡ซ Kabul
92%
Africa 16,300,000 ๐Ÿ‡จ๐Ÿ‡ฉ Kinshasa
92%
Asia 9,550,000 ๐Ÿ‡ฒ๐Ÿ‡พ Kuala Lumpur
89%
Asia 5,050,000 ๐Ÿ‡ฐ๐Ÿ‡ผ Kuwait City
89%
Africa 4,300,000 ๐Ÿ‡บ๐Ÿ‡ฌ Kampala
86%
Africa 5,350,000 ๐Ÿ‡ณ๐Ÿ‡ฌ Kano
86%
Asia 17,900,000 ๐Ÿ‡ฎ๐Ÿ‡ณ Kolkata
86%
North America 2,075,000 ๐Ÿ‡บ๐Ÿ‡ธ Kansas City
83%
Europe 1,580,000 ๐Ÿ‡บ๐Ÿ‡ฆ Kharkiv
83%
Africa 7,200,000 ๐Ÿ‡ธ๐Ÿ‡ฉ Khartoum
83%
Europe 2,175,000 ๐Ÿ‡ต๐Ÿ‡ฑ Katowice
78%
Europe 1,560,000 ๐Ÿ‡ท๐Ÿ‡บ Kazan
67%
Africa 2,900,000 ๐Ÿ‡ฌ๐Ÿ‡ญ Kumasi
64%
Europe 1,370,000 ๐Ÿ‡ท๐Ÿ‡บ Krasnodar
53%
Asia 6,800,000 ๐Ÿ‡จ๐Ÿ‡ณ Kunming
50%
North America 701,568 ๐Ÿ‡จ๐Ÿ‡ฆ Kitchener - Cambridge
44%
North America 597,257 ๐Ÿ‡บ๐Ÿ‡ธ Knoxville
44%
Africa 1,980,000 ๐Ÿ‡ณ๐Ÿ‡ฌ Kaduna
22%
Oceania 118,092 ๐Ÿ‡บ๐Ÿ‡ธ Kailua - Kaneohe
19%
North America 257,222 ๐Ÿ‡บ๐Ÿ‡ธ Killeen
19%
Oceania 57,905 ๐Ÿ‡บ๐Ÿ‡ธ Kahului - Wailuku
17%
North America 255,401 ๐Ÿ‡บ๐Ÿ‡ธ Kennewick - Richland
17%
No matching quizzes found
Score Distribution
Percent of People with Each Score
Percentile by Number Answered
Your Score History
You have not taken this quiz since the last reset